| 000 | 00810nam a2200277Ia 4500 | ||
|---|---|---|---|
| 008 | 160803s9999 xx 000 0 und d | ||
| 020 | _a0 439696534 | ||
| 100 | _aDiConsiglio, John | ||
| 245 | _aFirst jobs : | ||
| 245 | _blife after high school / | ||
| 245 | _cJohn DiConsiglio. | ||
| 260 | _aNew York : | ||
| 260 | _bScholastic Inc. | ||
| 260 | _c2004 | ||
| 300 | _a48 pages : | ||
| 300 | _billustrations ; | ||
| 300 | _c20 cm. | ||
| 440 | _aRead 180. | ||
| 650 | _aHigh school graduates -- Employment -- United States -- | ||
| 650 | _aHigh school students -- Vocational guidance -- United States -- | ||
| 650 | _aVocational guidance -- United States -- | ||
| 650 | _xJuvenile literature. | ||
| 650 | _xJuvenile literature. | ||
| 650 | _xJuvenile literature. | ||
| 700 | _a340 | ||
| 999 |
_c298721 _d298721 |
||